|
|
|
|
| LEADER |
00000nab a2200000 a 4500 |
| 001 |
vtls009454495 |
| 003 |
SK-MaSNL |
| 005 |
20260318124142.0 |
| 008 |
081211c2008 xo br p 000 c0ukr |
| 015 |
|
|
|a SNBRB2008/12
|
| 038 |
|
|
|a SVKPOCL
|
| 040 |
|
|
|a SVKPOCL
|b slo
|c SVKPOCL
|e AACR2
|
| 041 |
0 |
|
|a ukr
|
| 044 |
|
|
|a xo
|c SK
|
| 080 |
|
|
|a 316.022.4(=161)(437.6)
|2 2001
|
| 080 |
|
|
|a 727.1"1989/2003"
|2 2001
|
| 100 |
1 |
|
|a Krajňák, Peter,
|d 1981-
|4 aut
|9 323070
|
| 245 |
1 |
0 |
|a Prjašivska preparandija po 1989 roci
|c Petro Krajnjak
|
| 610 |
2 |
7 |
|a Gréckokatolícky ruský učiteľský seminár (Prešov, Slovensko)
|2 svkpocl
|9 1094562
|
| 648 |
|
7 |
|a 1989-2003
|2 svkpocl
|9 312048
|
| 650 |
0 |
7 |
|a rusínske školy
|z Prešov (Slovensko)
|2 svkpocl
|9 1046422
|
| 650 |
0 |
7 |
|a školské budovy
|2 svkpocl
|9 2986
|
| 650 |
0 |
7 |
|a Rusíni
|z Slovensko
|2 svkpocl
|9 336690
|
| 651 |
|
7 |
|a Prešov (Slovensko)
|2 svkpocl
|9 17347
|
| 773 |
0 |
|
|t Rusyn
|g Roč. XVIII, č. 2 (2008), s. 6
|
| 852 |
|
|
|a SVKPO
|b KIS3GCP
|
| 958 |
|
|
|a RN
|
| 958 |
|
|
|a NT
|
| 958 |
|
|
|a SK
|
| 999 |
|
|
|c 2530833
|d 2532763
|